Economics for C.A. professional education cource-1 / (Record no. 125021)

MARC details
000 -LEADER
fixed length control field 00756nam a22002417a 4500
005 - DATE AND TIME OF LATEST TRANSACTION
control field 20170124105947.0
010 ## - LIBRARY OF CONGRESS CONTROL NUMBER
LC control number B-91860
020 ## - INTERNATIONAL STANDARD BOOK NUMBER
Terms of availability 00
International Standard Book Number 8122414311
035 ## - SYSTEM CONTROL NUMBER
System control number B-91860
037 ## - SOURCE OF ACQUISITION
Source of stock number/acquisition Cen Lib/Ret
040 ## - CATALOGING SOURCE
Original cataloging agency DPL
Language of cataloging EN
082 ## - DEWEY DECIMAL CLASSIFICATION NUMBER
Classification number 330
Item number MUK
100 ## - MAIN ENTRY--PERSONAL NAME
Personal name Mukherjee, Sampat
9 (RLIN) 108246
245 ## - TITLE STATEMENT
Title Economics for C.A. professional education cource-1 /
Statement of responsibility, etc by Sampat Mukherjee, Amitava Ghose
246 ## - VARYING FORM OF TITLE
Remainder of title
260 ## - PUBLICATION, DISTRIBUTION, ETC. (IMPRINT)
Name of publisher, distributor, etc New Age International Publishers
Date of publication, distribution, etc 2002
Place of publication, distribution, etc New Delhi
270 ## - ADDRESS
City New Delhi
Address 4835/24, ansari road, dariya ganj
Postal code 110002
300 ## - PHYSICAL DESCRIPTION
Extent 542p. ;
Dimensions 23cm(Hb)
Other physical details ill.
650 ## - SUBJECT ADDED ENTRY--TOPICAL TERM
Topical term or geographic name as entry element Economics
9 (RLIN) 108247
650 ## - SUBJECT ADDED ENTRY--TOPICAL TERM
Topical term or geographic name as entry element Basic principles
9 (RLIN) 108248
700 ## - ADDED ENTRY--PERSONAL NAME
Personal name Ghose, Amitava
9 (RLIN) 7339
942 ## - ADDED ENTRY ELEMENTS (KOHA)
Source of classification or shelving scheme Dewey Decimal Classification
Koha item type English Books
Classification part 330
Call number suffix MUK
Holdings
Withdrawn status Lost status Damaged status Not for loan Home library Current library Date acquired Source of acquisition Cost, normal purchase price Total Checkouts Full call number Barcode Date last seen Copy number Cost, replacement price Price effective from Koha item type
        Central Library Central Library 19/06/2015 Cen Lib/Ret 0.00   330 MUK B-91860 19/06/2015 1 0.00 19/06/2015 English Books

© Delhi Public Library
Hit Counter
free hit counter